00330nam a2200133Ia 4500008004100000040001600041041001200057082002000069100001600089245002700105250001200132260003500144300001700179230917s9999||||xx |||||||||||||| ||und|| e79694aMAIN aEnglish a346.096 A92N(2) aAvtar Singh 0aNegotiable instruments a2nd ed. aLucknowbEastern Book Coc1987 axliv, 286 p.